Women and law in India : (Record no. 176832)
[ view plain ]
| 000 -LEADER | |
|---|---|
| fixed length control field | 00920nam a22002417a 4500 |
| 005 - DATE AND TIME OF LATEST TRANSACTION | |
| control field | 20210128114835.0 |
| 010 ## - LCCN (DPL NO) | |
| LC control number | B-129851 |
| 020 ## - INTERNATIONAL STANDARD BOOK NUMBER | |
| International Standard Book Number | 0195667670 |
| Terms of availability | 695.00 |
| 035 ## - SYSTEM CONTROL NUMBER | |
| System control number | B-129851 |
| 037 ## - SOURCE OF ACQUISITION | |
| Source of stock number/acquisition | Oxford University Press |
| 082 ## - DEWEY DECIMAL CLASSIFICATION NUMBER | |
| Classification number | 347.54017 |
| 100 ## - MAIN ENTRY--PERSONAL NAME | |
| Personal name | Agnes, Flavia |
| 245 ## - TITLE STATEMENT | |
| Title | Women and law in India : |
| Remainder of title | an omnibus comprising /by |
| Statement of responsibility, etc | Flavia Agnes |
| 260 ## - PUBLICATION, DISTRIBUTION, ETC. (IMPRINT) | |
| Place of publication, distribution, etc | New Delhi |
| Name of publisher, distributor, etc | Oxford University Press |
| Date of publication, distribution, etc | 2004 |
| 300 ## - PHYSICAL DESCRIPTION | |
| Extent | VIII,V.P. |
| Dimensions | 22CM (HB) |
| 500 ## - GENERAL NOTE | |
| General note | Law and gender equality:the politics of women rights in India by Flavia Agnes. pg-xiv, 248.(Part 1) |
| 500 ## - GENERAL NOTE | |
| General note | Hindu women and marrige law from sacrament to contract . pg- 177. (Part-3) |
| 500 ## - GENERAL NOTE | |
| General note | Enslaved Daughters Colonialism, law and women's rights by Sudhir Chandra. pg-xi. 249. (Part 2) |
| 700 ## - ADDED ENTRY--PERSONAL NAME | |
| Personal name | Chandra, sudhir |
| 710 ## - ADDED ENTRY--CORPORATE NAME | |
| Corporate name or jurisdiction name as entry element | Basu, Monmayee |
| 710 ## - ADDED ENTRY--CORPORATE NAME | |
| Corporate name or jurisdiction name as entry element | Enslaved Daughters |
| 942 ## - ADDED ENTRY ELEMENTS (KOHA) | |
| Source of classification or shelving scheme | Dewey Decimal Classification |
| Item type | English Books |
| Classification part | 347.54017 |
| Call number suffix | AGN |
| Withdrawn status | Lost status | Not for loan | Collection code | Home library | Current library | Date acquired | Full call number | Barcode | Koha item type | Public note |
|---|---|---|---|---|---|---|---|---|---|---|
| Non-fiction | Central Library | Central Library | 28/01/2021 | 347.54017 AGN | B-129851 | English Books | Legal Case (Register 30) |
